Súčasná hudba v Odesse

Bibliographic Details
Main Author: Bokes, Vladimír, 1946- (Author)
Format: Article
Language:Slovak
Subjects:

MARC

LEADER 00000nab a2200000 a 4500
001 vtls000588875
003 SK-MaSNL
005 20260304094907.0
008 250425c1996 xo 0 slo
015 |a SNBRB19rr/mm-uuuuu 
035 |a CL0589014 
035 |a urn:nbn:sk:snk-ab20yc 
035 |a (urnnbn)urn:nbn:sk:snk:ar-a01dvx 
035 |a (uuid)be2cb3cf-5731-4664-be76-9db3658ef6ab 
040 |a SNKBUCL  |b slo  |c SNKBUCL  |e AACR2 
041 0 |a slo 
044 |a xo  |c SK 
080 |a 78.091.4:78.036  |2 1981 
080 |a 78.036  |2 1981 
080 |a 782/785  |2 1981 
080 |a 786/789  |2 1981 
100 1 |a Bokes, Vladimír,  |d 1946-  |4 aut  |9 228428 
245 1 0 |a Súčasná hudba v Odesse  |c Vladimír Bokes 
650 0 7 |a hudba súčasná  |2 snkbucl  |9 898239 
655 7 |a články z novín a časopisov  |2 snkbucl  |9 267496 
773 0 |t Hudobný život '96  |g Roč. 28, č. 11 (1996), s. 7 
850 |a Slovenská národná knižnica 
852 |a Slovenská národná knižnica 
954 |a odborná, vedecká literatúra pôvodná (slovenská)  |2 lita 
958 |a article27 
958 |a OND 
958 |a RK 
958 |a EUIPO 
992 |a RBX 
999 |c 2829539  |d 2831469